000 00674nam a22002297a 4500
003 UA-OsUOA
001 79172
007 ta
008 20111103b un ||||| |||| 00| 0 ukr d
100 _aБальзак О.Д.
090 _a821.161.1
_bБ21
942 _cBK
040 _aUA-OsUOA
_brus
_cUA-OsUOA
_dUA-OsUOA
245 _aБлеск и нищета куртизанок
_bроман
_cпод ред. С.И.Рошаль и А.В.Федорова
300 _a576 с.
955 _a3
041 _arus
080 _a821.161.1
260 _aМ.
_bПравда
_c1983
650 7 _a82 Література. Літературознавство
_2UDC
999 _c365432
_d365432